000 01378cad a22002295a 4500
001 L139996
008 070828s2007 xxkado f 000 0 eng d
035 _a(Sirsi) u139996
041 0 _aeng
050 0 4 _a336.21 $2 18
100 1 _aHarrison, Ben
245 0 0 _aCity Solutions: financing local growth
_btowards a supplementary business rate?
_h[electronic resource]
260 _aLondon
_bInstitute for Public Policy Research
_c2007
505 2 _aSupplementary Business Rates explained -- New analysis: what Supplementary Business Rates could deliver -- Challenges to implementing Supplementary Business Rates -- Moving forward: key questions
520 _aAiming to inform the debate on how to generate additional funds for urban infrastructure investment, this study focuses on how supplementary business rates could be used to achieve this. Explores the main challenges that should be tackled by city leaders, business and central government if supplementary business rates are to finance local growth. Advocates a 4p supplement.
590 _aKA
651 4 _aEngland and Wales
_y1543-
690 _aPROPERTY-COMMERCIAL PROPERTY-COMMERCIAL PROPERTY TAXATION-BUSINESS RATES
700 1 _aMarshall, Adam
856 4 0 _uhttps://www.ippr.org/centreforcities/publicationsandreports/publication.asp?id=554
_zView this item free of charge at www.ippr.org/...
942 _n0
999 _c107398
_d107398